Управление затратами и ценообразование / ДО 2021 (38.03.01): электронный курс
| Yazar: | |
|---|---|
| Müşterek Yazar: | |
| Özet: | Заглавие с экрана Основной целью курса является получение необходимых компетенций в области управления затратами и ценообразования. Курс предназначен для бакалавров направления подготовки 38.03.01 Экономика. В курсе раскрываются вопросы классификации, группировки затрат, методов калькулирования себестоимости и управления затратами; рассматривается порядок формирования и методы ценообразования, изучаются маркетинговые стратегии. В завершающем разделе курса изучаются инструменты принятия управленческих решений на основе CVP-анализа. Особое внимание уделяется методам калькулирования и управления себестоимостью продукции, вопросам ценообразования Интерактивный мультимедиа ресурс AM_Login_TPU |
| Dil: | Rusça |
| Baskı/Yayın Bilgisi: |
Томск, TPU Moodle, 2024
|
| Konular: | |
| Online Erişim: | https://design.lms.tpu.ru/course/view.php?id=5159 |
| Materyal Türü: | Elektronik Kitap |
| KOHA link: | https://koha.lib.tpu.ru/cgi-bin/koha/opac-detail.pl?biblionumber=677538 |
MARC
| LEADER | 00000nlm0a2200000 4500 | ||
|---|---|---|---|
| 001 | 677538 | ||
| 005 | 20241218105839.0 | ||
| 090 | |a 677538 | ||
| 100 | |a 20241218d2024 m||y0rusy50 ca | ||
| 101 | 0 | |a rus | |
| 102 | |a RU | ||
| 105 | |a a j 000yy | ||
| 135 | |a jrcn ---uucaa | ||
| 181 | 0 | |a i |b e | |
| 182 | 0 | |a b | |
| 183 | 0 | |a cr |2 RDAcarrier | |
| 200 | 1 | |a Управление затратами и ценообразование / ДО 2021 (38.03.01) |e электронный курс |f Н. Н. Горюнова |g Национальный исследовательский Томский политехнический университет, Бизнес-школа | |
| 203 | |a Текст |c электронный |b визуальный | ||
| 210 | |a Томск |c TPU Moodle |d 2024 | ||
| 283 | |a online_resource |2 RDAcarrier | ||
| 300 | |a Заглавие с экрана | ||
| 330 | |a Основной целью курса является получение необходимых компетенций в области управления затратами и ценообразования. Курс предназначен для бакалавров направления подготовки 38.03.01 Экономика. В курсе раскрываются вопросы классификации, группировки затрат, методов калькулирования себестоимости и управления затратами; рассматривается порядок формирования и методы ценообразования, изучаются маркетинговые стратегии. В завершающем разделе курса изучаются инструменты принятия управленческих решений на основе CVP-анализа. Особое внимание уделяется методам калькулирования и управления себестоимостью продукции, вопросам ценообразования | ||
| 336 | |a Интерактивный мультимедиа ресурс | ||
| 371 | |a AM_Login_TPU | ||
| 606 | 1 | |a Предприятия |x Управление затратами |9 86805 | |
| 606 | 1 | |a Цена и ценообразование |9 43632 | |
| 610 | 1 | |a электронный ресурс | |
| 610 | 1 | |a труды учёных ТПУ | |
| 610 | 1 | |a электронное обучение | |
| 610 | 1 | |a кампусные онлайн-курсы | |
| 610 | 1 | |a дистанционное образование | |
| 610 | 1 | |a дистанционное обучение | |
| 610 | 1 | |a e-learning | |
| 610 | 1 | |a Moodle | |
| 610 | 1 | |a затраты | |
| 610 | 1 | |a предприятия | |
| 610 | 1 | |a ценообразование | |
| 610 | 1 | |a прибыль | |
| 686 | |2 rubbk |a У9(2)29-2я73 | ||
| 686 | |2 rubbk |a У9(2)0-861я73 | ||
| 700 | 1 | |a Горюнова |b Н. Н. |c экономист |c доцент Томского политехнического университета, кандидат экономических наук |f 1979- |g Наталия Николаевна |9 11484 | |
| 712 | 0 | 2 | |a Национальный исследовательский Томский политехнический университет |c (2009- ) |9 26305 |4 570 |
| 801 | 0 | |a RU |b 63413507 |c 20241218 |g RCR | |
| 850 | |a 63413507 | ||
| 856 | 4 | |u https://design.lms.tpu.ru/course/view.php?id=5159 |z https://design.lms.tpu.ru/course/view.php?id=5159 | |
| 942 | |c CF | ||